| 000 | 00438nam a22001817a 4500 | ||
|---|---|---|---|
| 003 | OSt | ||
| 008 | 250419b |||||||| |||| 00| 0 eng d | ||
| 020 | _a9789394168244 | ||
| 082 | _a170.076 RAE | ||
| 100 | _aRAO,G SUBBA | ||
| 245 | _aEthics Integrity and Apptitude | ||
| 250 | _a8th Ed | ||
| 260 |
_aNew Delhi _bGK Publication(p) Ltd. _c2022 |
||
| 300 | _aMISC | ||
| 650 | _aGeneral | ||
| 700 | _aCHOWDHURY,PN Roy | ||
| 942 |
_2ddc _cBK |
||
| 999 |
_c13341 _d13341 |
||